000 00305nam a22001337a 4500
008 170523b xxu||||| |||| 00| 0 eng d
020 _a9780072881387
041 _aeng
080 _23rd
_a62
100 _a26
101 _aSHI
245 _aINTRODUCTION TO RADAR SYSTEMS
_cSKOLNIK, M.I
942 _2udc
_cBK
999 _c13922
_d13922